Govt. of
Madhya Pradesh

How To (Record no. 247)

MARC details
000 -LEADER
fixed length control field 003460000a22001570004500
001 - CONTROL NUMBER
control field 000245
003 - CONTROL NUMBER IDENTIFIER
control field MACL
040 ## - CATALOGING SOURCE
Original cataloging agency MACL
090 ## - LOCALLY ASSIGNED LC-TYPE CALL NUMBER (OCLC); LOCAL CALL NUMBER (RLIN)
-- 245
-- 245
100 ## - MAIN ENTRY--PERSONAL NAME
Personal name Jones, Graham
245 ## - TITLE STATEMENT
Title How To
Remainder of title Use The Internet
Statement of responsibility, etc. Graham Jones
260 ## - PUBLICATION, DISTRIBUTION, ETC. (IMPRINT)
Place of publication, distribution, etc. Jaico Publication House,
Date of publication, distribution, etc. 1997
350 ## - PRICE (NR) (BK AM CF MU VM SE) [OBSOLETE]
Price 70
650 ## - SUBJECT ADDED ENTRY--TOPICAL TERM
Topical term or geographic name as entry element Computer Science
942 ## - ADDED ENTRY ELEMENTS (KOHA)
Koha item type Library Membar
Call number prefix 621.38
Holdings
Withdrawn status Lost status Damaged status Not for loan Home library Current library Date acquired Total Checkouts Full call number Barcode Date last seen Uniform Resource Identifier Price effective from Koha item type
        MACL MACL 15/04/2015   621.38 BOOK CRE11780 29/04/2015 245 15/04/2015 Books